<?xml version="1.0" encoding="UTF-8"?>
<record
    xmlns:xsi="http://www.w3.org/2001/XMLSchema-instance"
    xsi:schemaLocation="http://www.loc.gov/MARC21/slim http://www.loc.gov/standards/marcxml/schema/MARC21slim.xsd"
    xmlns="http://www.loc.gov/MARC21/slim">

  <leader>01223nam a22002177a 4500</leader>
  <controlfield tag="005">20220712100229.0</controlfield>
  <controlfield tag="008">220704b           ||||| |||| 00| 0 eng d</controlfield>
  <datafield tag="020" ind1=" " ind2=" ">
    <subfield code="a">9789354496684</subfield>
  </datafield>
  <datafield tag="040" ind1=" " ind2=" ">
    <subfield code="c">AL</subfield>
  </datafield>
  <datafield tag="041" ind1=" " ind2=" ">
    <subfield code="a">eng</subfield>
  </datafield>
  <datafield tag="082" ind1=" " ind2=" ">
    <subfield code="2">23</subfield>
    <subfield code="a">820.02</subfield>
    <subfield code="b">PANN</subfield>
  </datafield>
  <datafield tag="100" ind1=" " ind2=" ">
    <subfield code="a">Vineet Pandey</subfield>
    <subfield code="9">46902</subfield>
  </datafield>
  <datafield tag="245" ind1=" " ind2=" ">
    <subfield code="a">NTA UGC NET SET JRF English paper 2</subfield>
  </datafield>
  <datafield tag="250" ind1=" " ind2=" ">
    <subfield code="a">2nd ed.</subfield>
  </datafield>
  <datafield tag="260" ind1=" " ind2=" ">
    <subfield code="b">New Delhi</subfield>
    <subfield code="a">Pearson</subfield>
    <subfield code="c">2022</subfield>
  </datafield>
  <datafield tag="300" ind1=" " ind2=" ">
    <subfield code="a">lv,349p.</subfield>
    <subfield code="b">PB</subfield>
    <subfield code="c">25x20cm.</subfield>
  </datafield>
  <datafield tag="365" ind1=" " ind2=" ">
    <subfield code="2">General</subfield>
    <subfield code="a">2475</subfield>
    <subfield code="b">&#x20B9;392.00</subfield>
    <subfield code="c">&#x20B9;</subfield>
    <subfield code="d">&#x20B9;490.00</subfield>
    <subfield code="e">20%</subfield>
    <subfield code="f">29-06-2022</subfield>
  </datafield>
  <datafield tag="520" ind1=" " ind2=" ">
    <subfield code="a">Pearson NTA UGC NET/SET/JRF Paper II &#x2013; English, an effective handbook for NET, SET and various University entrance exams such as CUCET and slew, is a panacea for students appearing in those exams. This edition has been prepared after close examination of previous years&#x2019; papers to understand the pattern. It provides comprehensive content to save the readers&#x2019; time with effective learning methodology. This is based on the latest syllabus and all the efforts have been made to enlist each important topic. This book aims to provide crisp literary facts and information relevant to the latest examination pattern and syllabus.</subfield>
  </datafield>
  <datafield tag="650" ind1=" " ind2=" ">
    <subfield code="a">English Literature </subfield>
    <subfield code="9">46909</subfield>
  </datafield>
  <datafield tag="942" ind1=" " ind2=" ">
    <subfield code="2">ddc</subfield>
    <subfield code="c">BK</subfield>
  </datafield>
  <datafield tag="999" ind1=" " ind2=" ">
    <subfield code="c">223593</subfield>
    <subfield code="d">223593</subfield>
  </datafield>
  <datafield tag="952" ind1=" " ind2=" ">
    <subfield code="0">0</subfield>
    <subfield code="1">0</subfield>
    <subfield code="2">ddc</subfield>
    <subfield code="4">0</subfield>
    <subfield code="7">0</subfield>
    <subfield code="8">GEN</subfield>
    <subfield code="a">SACPG</subfield>
    <subfield code="b">SACPG</subfield>
    <subfield code="d">2022-07-01</subfield>
    <subfield code="e">Biblios Book Point</subfield>
    <subfield code="g">392.00</subfield>
    <subfield code="l">17</subfield>
    <subfield code="m">3</subfield>
    <subfield code="o">820.02 PANN</subfield>
    <subfield code="p">PG023964</subfield>
    <subfield code="r">2026-01-06 08:46:51</subfield>
    <subfield code="s">2026-01-02</subfield>
    <subfield code="v">490.00</subfield>
    <subfield code="w">2022-07-04</subfield>
    <subfield code="y">BK</subfield>
  </datafield>
</record>
